| 000 | 00589nam a2200217Ia 4500 | ||
|---|---|---|---|
| 003 | OSt | ||
| 005 | 20220928144651.0 | ||
| 006 | a|||||r|||| 00| 0 | ||
| 007 | ta | ||
| 008 | 220927b |||||||| |||| 00| 0 eng d | ||
| 024 | _a72827 | ||
| 037 | _cTextual | ||
| 040 |
_aSDCL _cSDCL _beng |
||
| 041 |
_2eng _aeng |
||
| 082 | _aX.21'D600, K7 | ||
| 100 |
_aDas Dipakranjam _9508977 |
||
| 245 | 0 |
_aEconomic history of the Deccan _b From the first to the sixth century A D |
|
| 260 | _c1967 | ||
| 942 |
_hX.21'D600, K7 _cTEXL _2CC |
||
| 999 |
_c828805 _d828805 |
||